[Event "Saint Quentin 2005"]
[Site "Elancourt"]
[Date "2005.04.27"]
[Round "6.5"]
[White "Oger, Claude"]
[Black "Couturier, Francois"]
[Result "1/2-1/2"]
[WhiteElo "2008"]
[BlackElo "2075"]
[PlyCount "108"]
[EventDate "2005.04.??"]

1. d4 Nf6 2. c4 e6 3. Nc3 Bb4 4. Qc2 Nc6 5. Nf3 d6 6. Bd2 O-O 7. O-O-O d5 8.
Bg5 Be7 9. e3 b6 10. Ne5 Bb7 11. Nxc6 Bxc6 12. f3 dxc4 13. Bxc4 Nd5 14. h4 h6
15. Nxd5 Bxd5 16. Bxe7 Qxe7 17. e4 Bxc4 18. Qxc4 Rfd8 19. g4 Rd6 20. f4 Rad8
21. d5 exd5 22. Rxd5 c6 23. Rxd6 Qxd6 24. Rf1 Qd2+ 25. Kb1 Rd4 26. Qc2 Qxc2+
27. Kxc2 Rxe4 28. Kd3 Rb4 29. b3 Kf8 30. Kc3 c5 31. h5 g6 32. Kd3 gxh5 33. gxh5
a5 34. Ke3 c4 35. bxc4 Rxc4 36. Kd3 Ra4 37. Rb1 Rxf4 38. Rxb6 Rf5 39. Rxh6 Kg7
40. Ra6 Rxh5 41. Kc4 Re5 42. Kd4 f6 43. a4 Kg6 44. Kd3 Kg5 45. Rb6 f5 46. Rb5
Kf6 47. Rb6+ Ke7 48. Ra6 Kd7 49. Rf6 Kc7 50. Kd4 Re4+ 51. Kd5 Rxa4 52. Rxf5 Kb6
53. Rf8 Rb4 54. Rb8+ Ka6 1/2-1/2

[Event "Saint Quentin 2005"]
[Site "Elancourt"]
[Date "2005.04.27"]
[Round "6.6"]
[White "Benier, Adrien"]
[Black "Labarthe, Arnaud"]
[Result "1-0"]
[WhiteElo "1970"]
[BlackElo "2034"]
[PlyCount "85"]
[EventDate "2005.04.??"]

1. e4 d5 2. exd5 Nf6 3. Nc3 Nxd5 4. Nxd5 Qxd5 5. Nf3 g6 6. Be2 Bg7 7. c3 c5 8.
b3 Nc6 9. O-O O-O 10. Re1 Bf5 11. Bc4 Qd7 12. Ba3 b6 13. Bb5 Qc7 14. Rc1 Rfd8
15. d4 Bh6 16. Nd2 e5 17. Bxc6 Qxc6 18. Rxe5 Bf4 19. Re1 Qf6 20. Qe2 Re8 21.
Qxe8+ Rxe8 22. Rxe8+ Kg7 23. Rd1 Qc6 24. Re7 Qd6 25. Rxa7 Qe6 26. Nf3 Qe2 27.
Re1 Qxa2 28. dxc5 Bd2 29. Nxd2 Qxd2 30. Rae7 bxc5 31. c4 Qd4 32. R7e5 Kf6 33.
R5e2 Kg5 34. Bc1+ Kh5 35. Be3 Qc3 36. f3 Bd3 37. g4+ Kh4 38. Bf2+ Kg5 39. Re5+
Kh6 40. Bxc5 g5 41. Be7 Qxb3 42. Rxg5 Bg6 43. Rb5 1-0

[Event "Saint Quentin 2005"]
[Site "Elancourt"]
[Date "2005.04.27"]
[Round "6.7"]
[White "D'Avout d'Averstaedt, Geoffroy"]
[Black "Dominguez, Alain"]
[Result "1-0"]
[WhiteElo "2032"]
[BlackElo "1920"]
[PlyCount "84"]
[EventDate "2005.04.??"]

1. Nf3 d5 2. d4 Nf6 3. e3 e6 4. Bd3 Nbd7 5. Nbd2 c5 6. b3 Be7 7. Bb2 b6 8. Ne5
Nxe5 9. dxe5 Nd7 10. O-O Bb7 11. f4 g6 12. g4 Qc7 13. a4 a5 14. Qe2 O-O-O 15.
c4 f5 16. cxd5 Bxd5 17. e4 fxe4 18. Bxe4 Bxe4 19. Nxe4 Rhf8 20. Qc4 Qc6 21.
Rad1 Nb8 22. Nd6+ Bxd6 23. Qxe6+ Qd7 24. Qxd7+ Rxd7 25. exd6 Nc6 26. f5 gxf5
27. Rxf5 Rfd8 28. Rfd5 Kb7 29. Bf6 Re8 30. Kf2 Re6 31. g5 Na7 32. Re5 Rxe5 33.
Bxe5 Kc6 34. h4 Nc8 35. h5 Nxd6 36. Rxd6+ Rxd6 37. Bxd6 Kxd6 38. g6 hxg6 39. h6
Kc6 40. h7 b5 41. h8=Q bxa4 42. bxa4 Kd5 1-0

[Event "Saint Quentin 2005"]
[Site "Elancourt"]
[Date "2005.04.27"]
[Round "6.8"]
[White "Habunek, Patrick"]
[Black "Hadet, Emmanuel"]
[Result "0-1"]
[WhiteElo "1700"]
[BlackElo "2030"]
[PlyCount "110"]
[EventDate "2005.04.??"]

1. e4 c6 2. d4 d5 3. Nd2 dxe4 4. Nxe4 Nd7 5. Bc4 Ngf6 6. Ng5 e6 7. N1f3 Nb6 8.
Bb3 h6 9. Nh3 c5 10. c3 c4 11. Bc2 Nfd5 12. Nf4 Bd6 13. Nxd5 exd5 14. Be3 Qf6
15. Qd2 Be6 16. O-O-O O-O-O 17. Rde1 Bf5 18. Bxf5+ Qxf5 19. Qc2 Qxc2+ 20. Kxc2
Rde8 21. h3 g5 22. g4 f5 23. gxf5 Rhf8 24. Nd2 Rxf5 25. b3 Ref8 26. Re2 Kd7 27.
h4 R8f7 28. hxg5 hxg5 29. Rh5 g4 30. Rg5 Rxg5 31. Bxg5 Rg7 32. Be3 Re7 33. Kd1
Re6 34. Nf1 Ke7 35. Ng3 Bxg3 36. fxg3 Kf7 37. Rf2+ Rf6 38. Bf4 Kg6 39. Re2 Kf7
40. Re5 Re6 41. Rg5 Rg6 42. Re5 Re6 43. Rg5 Rg6 44. Re5 a6 45. Rh5 Ke6 46. Re5+
Kd7 47. Kd2 Kc6 48. Rg5 Rh6 49. Kc2 Rh2+ 50. Bd2 cxb3+ 51. axb3 a5 52. Kd1 a4
53. bxa4 Nxa4 54. Rxg4 Kb5 55. Rf4 Nb2+ 0-1

[Event "Saint Quentin 2005"]
[Site "Elancourt"]
[Date "2005.04.27"]
[Round "6.9"]
[White "Appavou, Calixte"]
[Black "Duval, Sylvain"]
[Result "1/2-1/2"]
[WhiteElo "1960"]
[BlackElo "2006"]
[PlyCount "66"]
[EventDate "2005.04.??"]

1. e4 c5 2. Nf3 Nc6 3. d4 cxd4 4. Nxd4 Nf6 5. Nc3 e5 6. Nxc6 bxc6 7. Bd3 d6 8.
O-O Be7 9. h3 O-O 10. Ne2 d5 11. Ng3 Be6 12. b3 Qd7 13. Kh2 Rad8 14. Qe2 dxe4
15. Bxe4 Nxe4 16. Nxe4 Qd4 17. c3 Qd3 18. Qxd3 Rxd3 19. Be3 Rd7 20. Rfd1 Rfd8
21. Rxd7 Rxd7 22. Nc5 Bxc5 23. Bxc5 a6 24. c4 f6 25. Be3 Kf7 26. Kg1 Rd3 27.
Kf1 Bf5 28. Ke2 Ke6 29. Rd1 Rxd1 30. Kxd1 Be4 31. f3 Bd3 32. h4 e4 33. fxe4
Bxe4 1/2-1/2

[Event "Saint Quentin 2005"]
[Site "Elancourt"]
[Date "2005.04.27"]
[Round "6.10"]
[White "Bilquez, Romain"]
[Black "Fayolle, Guy"]
[Result "1-0"]
[WhiteElo "2001"]
[BlackElo "1958"]
[PlyCount "52"]
[EventDate "2005.04.??"]

1. d4 Nf6 2. c4 g6 3. Nc3 Bg7 4. e4 d6 5. f3 O-O 6. Bg5 c5 7. d5 h6 8. Be3 Nbd7
9. Qd2 Kh7 10. Nge2 Ng8 11. Ng3 Ne5 12. h3 h5 13. f4 Nd7 14. Bd3 Bh6 15. O-O e6
16. Rae1 Qh4 17. Rf3 Ndf6 18. e5 exd5 19. Bf2 Ne8 20. Nf5 Qd8 21. Nxh6 Nxh6 22.
cxd5 dxe5 23. Bxc5 Rg8 24. fxe5 Ng7 25. Ne4 Ne8 26. Nf6+ Kg7 1-0

[Event "Saint Quentin 2005"]
[Site "Elancourt"]
[Date "2005.04.27"]
[Round "6.11"]
[White "Le Ray, Olivier"]
[Black "Fischer, Jean-Claude"]
[Result "1-0"]
[WhiteElo "1982"]
[BlackElo "1920"]
[PlyCount "85"]
[EventDate "2005.04.??"]

1. e4 c5 2. Nf3 d6 3. d4 cxd4 4. Nxd4 Nf6 5. Nc3 g6 6. f3 Bg7 7. Be3 Nc6 8. Qd2
O-O 9. O-O-O a6 10. g4 h5 11. h3 Bd7 12. Rg1 b5 13. Kb1 Nxd4 14. Bxd4 hxg4 15.
hxg4 Ne8 16. Nd5 Bxd4 17. Qxd4 Be6 18. Rh1 f6 19. Bd3 Kg7 20. Qe3 g5 21. Rh5
Kf7 22. Rdh1 Ng7 23. Rh7 Rg8 24. R1h6 Kf8 25. f4 Ne8 26. Nxe7 gxf4 27. Qxf4
Qxe7 28. Rxe7 Kxe7 29. Rh7+ Rg7 30. Qh6 Rxh7 31. Qxh7+ Kd8 32. Qb7 Nc7 33. Be2
Kd7 34. Bf3 Rg8 35. e5 dxe5 36. Bc6+ Kd6 37. Qb6 Nd5 38. Bxd5+ Kxd5 39. Qxa6
Rxg4 40. Qxb5+ Ke4 41. b4 f5 42. a4 f4 43. Qd3# 1-0

[Event "Saint Quentin 2005"]
[Site "Elancourt"]
[Date "2005.04.27"]
[Round "6.12"]
[White "Hedjazian, Navid"]
[Black "Legrix, Jean-Marie"]
[Result "1/2-1/2"]
[WhiteElo "1954"]
[BlackElo "1976"]
[PlyCount "102"]
[EventDate "2005.04.??"]

1. e4 c5 2. c3 Nf6 3. e5 Nd5 4. d4 cxd4 5. Nf3 g6 6. cxd4 Bg7 7. Bc4 Nb6 8. Bb3
O-O 9. Bf4 d6 10. O-O Nc6 11. Qe2 dxe5 12. dxe5 Nd4 13. Nxd4 Qxd4 14. g3 Nd5
15. Bxd5 Qxd5 16. Nc3 Qc6 17. Rac1 Bh3 18. Ne4 Bxf1 19. Kxf1 Qd5 20. Rc7 Rfe8
21. Rc5 Qxa2 22. Ng5 Rac8 23. Rb5 b6 24. e6 fxe6 25. Rb4 Qd5 26. Kg1 Rc6 27.
Re4 e5 28. Bd2 Rc2 29. Nf3 Rd8 30. Nd4 exd4 31. Rxe7 Qc6 32. Rxg7+ Kxg7 33.
Qe7+ Kg8 34. Qxd8+ Kf7 35. Qxd4 Rc4 36. Qd3 Ra4 37. Qb3+ Qc4 38. Qf3+ Ke6 39.
Qe3+ Qe4 40. Qb3+ Qc4 41. Qe3+ Kd7 42. Qe1 Qe4 43. Be3 Qd3 44. Qc1 Rb4 45. Bf4
Rc4 46. Qa1 a6 47. Be3 Rb4 48. Qa2 Qc4 49. Qa1 Qd3 50. Qa2 Qc4 51. Qa1 Qd3
1/2-1/2

[Event "Saint Quentin 2005"]
[Site "Elancourt"]
[Date "2005.04.27"]
[Round "6.13"]
[White "Boussaha, Bilal"]
[Black "Criton, Roland"]
[Result "1/2-1/2"]
[WhiteElo "1877"]
[BlackElo "2018"]
[PlyCount "36"]
[EventDate "2005.04.??"]

1. e4 c6 2. d4 d5 3. exd5 cxd5 4. c4 Nf6 5. Nc3 e6 6. Nf3 Be7 7. Bd3 dxc4 8.
Bxc4 O-O 9. O-O Nbd7 10. Bg5 Nb6 11. Bb3 Nbd5 12. Re1 b6 13. Nxd5 exd5 14. Ne5
Bb7 15. Qf3 Ne4 16. Bxe7 Qxe7 17. Rad1 Qf6 18. Qxf6 Nxf6 1/2-1/2

[Event "Saint Quentin 2005"]
[Site "Elancourt"]
[Date "2005.04.27"]
[Round "6.14"]
[White "Gahagnon, Jacques"]
[Black "Scozzesi, Francois"]
[Result "1/2-1/2"]
[WhiteElo "1720"]
[BlackElo "2010"]
[PlyCount "81"]
[EventDate "2005.04.??"]

1. d4 Nf6 2. Nf3 g6 3. c3 Bg7 4. Qc2 d5 5. Bf4 Nh5 6. Bg5 h6 7. Bh4 g5 8. Bg3
Nxg3 9. hxg3 e6 10. Nbd2 Nc6 11. e3 Qe7 12. Bd3 e5 13. dxe5 Nxe5 14. Nxe5 Qxe5
15. O-O-O Bd7 16. f4 Qd6 17. Nb3 c5 18. Qd2 Qb6 19. Bc2 Bc6 20. Bf5 Rd8 21. Bc2
Kd7 22. Qf2 Bf6 23. fxg5 Bxg5 24. Qxf7+ Kc8 25. g4 Rhf8 26. Qg7 Rf2 27. Qe5 Qc7
28. Bf5+ Kb8 29. Qxc7+ Kxc7 30. Rhe1 b6 31. Kb1 a5 32. Nc1 Rxg2 33. Nd3 Re8 34.
Nf4 Bxf4 35. exf4 Rge2 36. Rxe2 Rxe2 37. g5 hxg5 38. fxg5 Rg2 39. g6 Rg5 40.
Bc2 Be8 41. a3 1/2-1/2

[Event "Saint Quentin 2005"]
[Site "Elancourt"]
[Date "2005.04.27"]
[Round "6.15"]
[White "Aouizerate, Robert"]
[Black "Duval, Dominique"]
[Result "1-0"]
[WhiteElo "1989"]
[BlackElo "1630"]
[PlyCount "83"]
[EventDate "2005.04.??"]

1. e4 d6 2. d4 Nf6 3. Nc3 g6 4. g3 Bg7 5. Bg2 c6 6. Nge2 Bd7 7. h3 Na6 8. Be3
Nc7 9. Qd2 b5 10. e5 b4 11. exf6 bxc3 12. Qxc3 Bxf6 13. Bxc6 Bxc6 14. Qxc6+ Qd7
15. Qxd7+ Kxd7 16. O-O-O d5 17. Nc3 e6 18. g4 Rhc8 19. Rhe1 Rab8 20. Bf4 Rb4
21. Be3 Nb5 22. Nxb5 Rxb5 23. c3 a5 24. g5 Be7 25. Kc2 a4 26. a3 Rb3 27. Rd3
Rcb8 28. Bc1 Rc8 29. Rf3 Ke8 30. h4 Bd8 31. h5 Bb6 32. hxg6 hxg6 33. Kd3 Rc4
34. Rf4 Ke7 35. Rh1 e5 36. Rf6 Rxd4+ 37. Kc2 Re4 38. Rh7 Bc5 39. Rhxf7+ Ke8 40.
Rc7 Rc4 41. Rxg6 d4 42. Rg8+ 1-0

[Event "Saint Quentin 2005"]
[Site "Elancourt"]
[Date "2005.04.27"]
[Round "6.16"]
[White "Velitchko, Kirill"]
[Black "Mahe, Romain"]
[Result "0-1"]
[WhiteElo "1199"]
[BlackElo "1970"]
[PlyCount "44"]
[EventDate "2005.04.??"]

1. e4 e5 2. Nf3 Nc6 3. Bb5 a6 4. Ba4 Nf6 5. O-O Nxe4 6. d4 exd4 7. Re1 d5 8.
Nxd4 Bd6 9. Nxc6 Bxh2+ 10. Kf1 Qh4 11. Rxe4+ dxe4 12. Ne5+ b5 13. Qd5 Bxe5 14.
Qxe5+ Be6 15. Qxg7 Qh1+ 16. Ke2 Bc4+ 17. Kd2 O-O-O+ 18. Kc3 Qxc1 19. Qg4+ Kb8
20. b3 Qe1+ 21. Kb2 Be6 22. Qg5 bxa4 0-1

[Event "Saint Quentin 2005"]
[Site "Elancourt"]
[Date "2005.04.27"]
[Round "6.17"]
[White "Miolane, Leo"]
[Black "Baron, Romuald"]
[Result "0-1"]
[WhiteElo "1550"]
[BlackElo "1973"]
[PlyCount "126"]
[EventDate "2005.04.??"]

1. e4 c6 2. d4 d5 3. e5 Bf5 4. Nf3 Nd7 5. Bd3 Bxd3 6. Qxd3 e6 7. Be3 Rc8 8. O-O
c5 9. c3 cxd4 10. cxd4 Bb4 11. Nbd2 Ne7 12. Rfc1 Rxc1+ 13. Rxc1 h6 14. Nb3 Nc6
15. Qb5 Qb6 16. Qxb6 Nxb6 17. a3 Be7 18. Nfd2 Na4 19. Rc2 Kd7 20. Nb1 a5 21.
Nc3 Nxc3 22. Rxc3 b6 23. Kf1 a4 24. Nc1 Bg5 25. f4 Be7 26. Nd3 Na5 27. Ke2 Nc4
28. Bf2 g5 29. g3 gxf4 30. gxf4 Rg8 31. Kf3 h5 32. Rc1 Kc6 33. Rg1 Rg6 34. Rxg6
fxg6 35. Ke2 Kb5 36. Be1 Kc6 37. Bb4 Bxb4 38. Nxb4+ Kb5 39. Nd3 Na5 40. Nc1 Kc4
41. Ke3 Nc6 42. Ne2 Ne7 43. Nc3 Nf5+ 44. Kd2 b5 45. Na2 Nxd4 46. h3 Kb3 47. Nb4
Kxb2 48. Na6 Kxa3 49. Nc7 Kb4 50. Kd3 Kc5 51. Na6+ Kb6 52. Nb4 Nf5 53. Nc2 Kc5
54. Kc3 d4+ 55. Kd3 b4 56. Ne1 a3 57. Nc2 a2 58. Na1 Ne3 59. Nb3+ Kd5 60. Na1
Ng2 61. Nb3 Nxf4+ 62. Kc2 Nxh3 63. Kd3 Nf4+ 0-1

[Event "Saint Quentin 2005"]
[Site "Elancourt"]
[Date "2005.04.27"]
[Round "6.18"]
[White "Francois, Jean"]
[Black "Levier, Jean-Francois"]
[Result "1-0"]
[WhiteElo "1900"]
[BlackElo "1700"]
[PlyCount "93"]
[EventDate "2005.04.??"]

1. e4 d6 2. g3 e5 3. Bg2 Nc6 4. Nc3 Be6 5. d3 a6 6. Be3 Nf6 7. Nge2 Be7 8. a3
h6 9. O-O g5 10. Nd5 Bxd5 11. exd5 Nb8 12. Rc1 b5 13. b3 Nbd7 14. b4 Ng4 15. c4
Nxe3 16. fxe3 Qb8 17. Nc3 bxc4 18. dxc4 Qb6 19. Qf3 O-O 20. Kh1 f5 21. Qe2 Rf7
22. c5 Qa7 23. Qh5 Kg7 24. Ne4 Nf6 25. Nxf6 Rxf6 26. Qe2 Raf8 27. Rc4 Kg6 28.
g4 f4 29. Be4+ Kg7 30. Bf5 fxe3 31. Qxe3 Qa8 32. c6 Rb8 33. Rf3 a5 34. Qb3 axb4
35. Rxb4 Rff8 36. Rb7 Rxb7 37. Qxb7 Qxb7 38. cxb7 Bf6 39. Bc8 e4 40. Rf1 e3 41.
b8=Q e2 42. Re1 Bd8 43. Bf5 h5 44. Qb2+ Kh6 45. Qxe2 h4 46. Qe6+ Bf6 47. Qd7
1-0

[Event "Saint Quentin 2005"]
[Site "Elancourt"]
[Date "2005.04.27"]
[Round "6.19"]
[White "Branson, James"]
[Black "Szwedkowski, Sylvain"]
[Result "0-1"]
[WhiteElo "1499"]
[BlackElo "1790"]
[PlyCount "77"]
[EventDate "2005.04.??"]

1. e4 c6 2. d4 d5 3. exd5 cxd5 4. c4 Nf6 5. a3 Nc6 6. Nc3 Bf5 7. Nf3 e6 8. h3
Rc8 9. Be3 a6 10. c5 Be7 11. Nh4 Bg6 12. Nxg6 hxg6 13. b4 O-O 14. Be2 Nd7 15.
Qd3 Bf6 16. h4 Bxh4 17. O-O-O f5 18. g3 Bf6 19. Rh3 b6 20. g4 bxc5 21. dxc5
Nde5 22. Qxa6 Ra8 23. Qb6 Rxa3 24. Nb5 Ra1+ 25. Kc2 Nxb4+ 26. Kb3 Rxd1 27. Bxd1
Nbc6 28. gxf5 exf5 29. f4 Qxb6 30. cxb6 Nc4 31. Bc5 Rb8 32. Be2 Nxb6 33. Rd3
Nd7 34. Rxd5 Nxc5+ 35. Rxc5 Nd4+ 36. Kc4 Nxe2 37. Rc7 Nxf4 38. Nd4 Bxd4 39.
Kxd4 0-1

[Event "Saint Quentin 2005"]
[Site "Elancourt"]
[Date "2005.04.27"]
[Round "6.20"]
[White "Benhamouda, Mathieu"]
[Black "Le Scraigne, Eric"]
[Result "0-1"]
[WhiteElo "1450"]
[BlackElo "1740"]
[PlyCount "63"]
[EventDate "2005.04.??"]

1. Nf3 Nf6 2. d4 g6 3. c4 Bg7 4. Nc3 O-O 5. e4 d6 6. Be3 Ng4 7. Bg5 f6 8. Bh4
a6 9. h3 Nh6 10. Bg3 e5 11. dxe5 dxe5 12. Qxd8 Rxd8 13. Nd5 Rd7 14. c5 Nc6 15.
Bc4 Kh8 16. O-O Ne7 17. Rfd1 Nxd5 18. exd5 Rd8 19. Rd2 Nf5 20. Bh2 Bf8 21. g4
Ng7 22. d6 cxd6 23. cxd6 Rxd6 24. Rxd6 Bxd6 25. Rd1 Be7 26. Nxe5 fxe5 27. Bxe5
h6 28. Re1 Bc5 29. Rd1 Be7 30. Bd6 Bf6 31. Bf7 b5 32. Bxg6 0-1

[Event "Saint Quentin 2005"]
[Site "Elancourt"]
[Date "2005.04.27"]
[Round "6.22"]
[White "Collette, Gilles"]
[Black "Vallobra, Pierre"]
[Result "1-0"]
[WhiteElo "1790"]
[BlackElo "1360"]
[PlyCount "75"]
[EventDate "2005.04.??"]

1. e4 e6 2. d4 d5 3. exd5 exd5 4. Bd3 Nc6 5. c3 Nf6 6. Qc2 Bd6 7. Ne2 Qe7 8. h3
Bd7 9. Be3 h6 10. Nd2 O-O-O 11. O-O-O Nb8 12. Rhe1 Qe8 13. Ng3 Ba4 14. b3 Ba3+
15. Kb1 Bb5 16. Bf5+ Bd7 17. Bxh6 Bxf5 18. Qxf5+ Qd7 19. Bxg7 Qxf5+ 20. Nxf5
Nbd7 21. Bxh8 Rxh8 22. b4 a5 23. bxa5 Kb8 24. Kc2 Ka7 25. Kb3 Bf8 26. Rh1 Ka6
27. g4 Kxa5 28. Rde1 c5 29. Kc2 cxd4 30. cxd4 Bb4 31. Nb3+ Kb5 32. Re3 Rc8+ 33.
Kb1 Ne4 34. Rc1 Nc3+ 35. Kb2 Na4+ 36. Kb1 Nc3+ 37. Rexc3 Bxc3 38. Nd6+ 1-0

[Event "Saint Quentin 2005"]
[Site "Elancourt"]
[Date "2005.04.27"]
[Round "6.23"]
[White "Rodriguez, Jean-Pierre"]
[Black "Sineux, Sandra"]
[Result "1/2-1/2"]
[WhiteElo "1650"]
[BlackElo "1510"]
[PlyCount "54"]
[EventDate "2005.04.??"]

1. c4 b6 2. Nc3 Bb7 3. e4 e6 4. Nf3 Bb4 5. d3 Ne7 6. Be2 Bxc3+ 7. bxc3 O-O 8.
O-O f5 9. e5 Ng6 10. d4 Qe7 11. Ng5 f4 12. Nh3 Na6 13. f3 c5 14. Bd3 Qh4 15.
Bxg6 hxg6 16. d5 Rad8 17. Nf2 Nc7 18. d6 Ne8 19. Qd3 Rf5 20. Ng4 Bc6 21. a4 Ra8
22. Bd2 a6 23. a5 b5 24. cxb5 c4 25. Qe2 axb5 26. a6 Qd8 27. a7 Qb6+ 1/2-1/2

[Event "Saint Quentin 2005"]
[Site "Elancourt"]
[Date "2005.04.27"]
[Round "6.24"]
[White "Mazaltob, Gerald"]
[Black "Guillet, Jacques"]
[Result "1/2-1/2"]
[WhiteElo "1570"]
[BlackElo "1230"]
[PlyCount "70"]
[EventDate "2005.04.??"]

1. d4 Nf6 2. Nf3 g6 3. c4 Bg7 4. Nc3 d5 5. cxd5 Nxd5 6. e4 Nxc3 7. bxc3 O-O 8.
Be2 c5 9. O-O cxd4 10. cxd4 Nc6 11. Be3 Qa5 12. e5 Rd8 13. Qb3 Qc7 14. Rac1 e6
15. h3 Qb6 16. Qxb6 axb6 17. Bc4 h6 18. Rb1 Na5 19. Bd3 Nc6 20. Bc4 Ra4 21. Bb3
Ra8 22. a4 Ne7 23. Nd2 Nd5 24. Nc4 Bf8 25. Bc2 Ra6 26. Rfd1 Nc3 27. Rf1 Nxb1
28. Rxb1 Bd7 29. Nxb6 Bc6 30. f3 Bg7 31. Kf2 f6 32. exf6 Bxf6 33. Rb4 Rxb6 34.
Rxb6 Rxd4 35. Rb1 Rc4 1/2-1/2

[Event "Saint Quentin 2005"]
[Site "Elancourt"]
[Date "2005.04.27"]
[Round "6.25"]
[White "Benhamouda, Fabrice"]
[Black "Gaillet, Philippe"]
[Result "0-1"]
[WhiteElo "1520"]
[BlackElo "1310"]
[PlyCount "70"]
[EventDate "2005.04.??"]

1. e4 c6 2. d4 d5 3. Nc3 dxe4 4. Nxe4 Bf5 5. Ng3 Bg6 6. h4 h6 7. Nf3 Nd7 8. Bd3
Bxd3 9. Qxd3 Ngf6 10. O-O e6 11. Bf4 Be7 12. h5 O-O 13. c4 Rc8 14. a3 a5 15.
Rae1 Re8 16. c5 Nxc5 17. Qc2 Ncd7 18. Rd1 Nd5 19. Bd2 N7f6 20. Ne5 Bd6 21. Qa4
b6 22. Nxc6 Qc7 23. Ne5 Qb8 24. Nc6 Qb7 25. Ne5 Re7 26. Qb3 Rec7 27. Rc1 Rxc1
28. Rxc1 Rxc1+ 29. Bxc1 Qb8 30. Nc6 Qc7 31. Bxh6 gxh6 32. Ne5 Qc1+ 33. Kh2 Qc8
34. Qd1 Nxh5 35. Qf1 Nhf6 0-1

[Event "Saint Quentin 2005"]
[Site "Elancourt"]
[Date "2005.04.27"]
[Round "6.26"]
[White "Poudroux, Joel"]
[Black "Marquet, Didier"]
[Result "0-1"]
[WhiteElo "1199"]
[BlackElo "1550"]
[PlyCount "128"]
[EventDate "2005.04.??"]

1. e4 c5 2. Nc3 Nc6 3. Bb5 a6 4. Bxc6 bxc6 5. d3 e6 6. Qe2 Be7 7. Nf3 d6 8. Bd2
Nf6 9. e5 Nd5 10. O-O Nxc3 11. Bxc3 d5 12. d4 a5 13. Qd2 h6 14. Rfe1 Qb6 15. b3
cxd4 16. Bxd4 c5 17. Bb2 Bb7 18. c3 Rd8 19. Rad1 O-O 20. Qc2 Rd7 21. Re3 Rfd8
22. Red3 Qc7 23. h3 Ba6 24. R3d2 c4 25. Nd4 Bg5 26. f4 Bxf4 27. Rf2 Be3 28.
Rdf1 Bxf2+ 29. Qxf2 Rf8 30. Nf3 Qa7 31. Qxa7 Rxa7 32. bxc4 Bxc4 33. a4 Rb7 34.
Ba3 Rc8 35. Nd2 Kh7 36. Kf2 g5 37. Kg3 Kg6 38. h4 Rc6 39. Nf3 Rb3 40. Be7 Rxc3
41. hxg5 hxg5 42. Bxg5 Rc8 43. Kg4 Bd3 44. Nh4+ Kh7 45. Bf6 Rg8+ 46. Kf4 Rc4+
47. Ke3 Be4 48. Rh1 Rg3+ 49. Kf4 Bxg2+ 50. Kxg3 Bxh1 51. Kh3 Be4 52. Kg4 d4 53.
Kg5 d3 54. Kh5 d2 55. Ng2 Bxg2 56. Bh8 d1=Q+ 57. Kg5 Qg4+ 58. Kf6 Qf5+ 59. Ke7
Kxh8 60. Kf8 Qf3 61. Ke7 Kg7 62. Ke8 Qc6+ 63. Ke7 Qb7+ 64. Kd6 Rc6# 0-1

[Event "Saint Quentin 2005"]
[Site "Elancourt"]
[Date "2005.04.27"]
[Round "6.27"]
[White "Dubos, Jean-Luc"]
[Black "Salaun, Alexandre"]
[Result "1-0"]
[WhiteElo "1430"]
[BlackElo "1210"]
[PlyCount "67"]
[EventDate "2005.04.??"]

1. e4 e5 2. Nf3 Nc6 3. Bb5 Nf6 4. O-O Nxe4 5. d4 Bd6 6. Bxc6 bxc6 7. Re1 Nf6 8.
dxe5 Bb4 9. c3 Nd5 10. cxb4 Nxb4 11. b3 O-O 12. Nc3 Re8 13. Bb2 Ba6 14. Re3 d6
15. Ne1 Qg5 16. a3 c5 17. axb4 Bb7 18. Nd5 cxb4 19. Nf3 Qg6 20. Nxc7 Rf8 21.
Nxa8 Bxa8 22. exd6 h6 23. Qd3 Qg4 24. h3 Qc8 25. Qd4 f6 26. Rc1 Qd7 27. Rc7 Qb5
28. Ree7 Qf5 29. Rxg7+ Kh8 30. Nh4 Qb1+ 31. Kh2 Rg8 32. Rxg8+ Kxg8 33. Qxf6
Qxb2 34. Qd8# 1-0

[Event "Saint Quentin 2005"]
[Site "Elancourt"]
[Date "2005.04.27"]
[Round "6.28"]
[White "O Neill, Liam"]
[Black "Benchara, Sara"]
[Result "1-0"]
[WhiteElo "1360"]
[BlackElo "1150"]
[PlyCount "87"]
[EventDate "2005.04.??"]

1. d4 d5 2. c4 c6 3. Nc3 Nf6 4. Nf3 Nbd7 5. Bf4 e6 6. e3 Bb4 7. a3 Be7 8. Be2
O-O 9. O-O Nb6 10. b3 Bd7 11. c5 Nc8 12. Ne5 Be8 13. b4 Nh5 14. Bxh5 Bh4 15.
Be2 b6 16. Rb1 a5 17. Qc2 axb4 18. axb4 Ne7 19. Ra1 Rb8 20. Nf3 Bf6 21. Bxb8
Qxb8 22. Ra2 Nf5 23. Rfa1 Bd7 24. Ra7 Rd8 25. R1a3 Kf8 26. Qa2 bxc5 27. bxc5 g6
28. Ra8 Qc7 29. R3a7 Qc8 30. Rxc8 Bxc8 31. Na4 Ne7 32. Nb6 Kg7 33. Nxc8 Nxc8
34. Ra8 Kh6 35. Qa6 Be7 36. Rxc8 Rxc8 37. Qxc8 Kg7 38. Qxc6 Kf6 39. Qd7 Bf8 40.
c6 Kf5 41. Bd3+ Kf6 42. c7 Bb4 43. c8=Q h5 44. Qh8# 1-0

[Event "Saint Quentin 2005"]
[Site "Elancourt"]
[Date "2005.04.28"]
[Round "7.1"]
[White "Sulypa, Alexandre"]
[Black "Bouverot, Olivier"]
[Result "1-0"]
[WhiteElo "2480"]
[BlackElo "2138"]
[PlyCount "117"]
[EventDate "2005.04.??"]

1. e4 d6 2. d4 Nf6 3. Nc3 e5 4. Nf3 Nbd7 5. Bc4 Be7 6. O-O O-O 7. a4 c6 8. Ba2
Qc7 9. Qe2 a5 10. Rd1 exd4 11. Nxd4 Nc5 12. Bf4 Ne6 13. Be3 Nxd4 14. Bxd4 Nd7
15. Qe3 Bf6 16. Rd2 Rd8 17. Rad1 Bxd4 18. Rxd4 Nc5 19. Qg3 Be6 20. Bxe6 Nxe6
21. Rxd6 Rxd6 22. Qxd6 Qb6 23. Nd5 Qc5 24. Qxc5 Nxc5 25. Nc3 Kf8 26. f3 Ke7 27.
Kf2 Ke6 28. Ke3 b6 29. f4 f6 30. h3 g6 31. Ne2 Rc8 32. Kf3 Ke7 33. g3 Rc7 34.
Ke3 Rc8 35. Nd4 Rc7 36. g4 Rc8 37. b3 Rc7 38. Kf3 Rc8 39. Ke3 Rc7 40. Rd2 Rc8
41. h4 Ne6 42. Nxe6 Kxe6 43. g5 fxg5 44. hxg5 b5 45. Rh2 Rc7 46. Rh6 bxa4 47.
bxa4 Rb7 48. f5+ Ke5 49. f6 Rb4 50. Rh4 Rb7 51. Rf4 Rf7 52. Rf2 Ke6 53. Kd4 h5
54. gxh6 g5 55. e5 g4 56. Ke4 g3 57. Rg2 Rh7 58. Rxg3 Rxh6 59. Rf3 1-0

[Event "Saint Quentin 2005"]
[Site "Elancourt"]
[Date "2005.04.28"]
[Round "7.2"]
[White "Gerard, Nicolas"]
[Black "Radulov, Ivan"]
[Result "1/2-1/2"]
[WhiteElo "2334"]
[BlackElo "2334"]
[PlyCount "39"]
[EventDate "2005.04.??"]

1. Nf3 d5 2. g3 Nf6 3. Bg2 c5 4. O-O Nc6 5. d4 e6 6. c4 dxc4 7. Ne5 Bd7 8. Na3
cxd4 9. Naxc4 Rc8 10. Qb3 Nxe5 11. Nxe5 Bd6 12. Bf4 Qb6 13. Rac1 Bxe5 14. Bxe5
Bc6 15. Bxc6+ bxc6 16. Qa4 O-O 17. Qxd4 Qxd4 18. Bxd4 c5 19. Be5 Nd5 20. Rfd1
1/2-1/2

[Event "Saint Quentin 2005"]
[Site "Elancourt"]
[Date "2005.04.28"]
[Round "7.3"]
[White "Plantet, Marc"]
[Black "Bogdanov, Emil"]
[Result "0-1"]
[WhiteElo "2036"]
[BlackElo "2250"]
[PlyCount "58"]
[EventDate "2005.04.??"]

1. e4 c5 2. Nf3 e6 3. d4 cxd4 4. Nxd4 a6 5. Bd3 Nf6 6. O-O Qc7 7. Bg5 Be7 8.
Re1 d6 9. Nc3 Nbd7 10. Qf3 h6 11. Qh3 Ne5 12. Rad1 Bd7 13. Bh4 Ng6 14. Bxf6
Bxf6 15. Qe3 O-O 16. Kh1 Rac8 17. f4 Qb6 18. e5 dxe5 19. fxe5 Bg5 20. Qe2 Nf4
21. Qe4 Nxd3 22. Qxd3 Rfd8 23. Ne4 Bb5 24. c4 Bxc4 25. Qf3 Rxd4 26. Rxd4 Qxd4
27. Nd6 Rf8 28. Re4 Qxb2 29. h4 Bd5 0-1

[Event "Saint Quentin 2005"]
[Site "Elancourt"]
[Date "2005.04.28"]
[Round "7.4"]
[White "Oger, Claude"]
[Black "Baron, Daniel"]
[Result "0-1"]
[WhiteElo "2008"]
[BlackElo "2134"]
[PlyCount "80"]
[EventDate "2005.04.??"]

1. d4 d5 2. c4 c6 3. Nc3 Nf6 4. e3 a6 5. a4 e6 6. Nf3 Nbd7 7. Bd3 Bb4 8. Bd2
O-O 9. O-O c5 10. Rc1 b6 11. Ne5 Bb7 12. Be1 Rc8 13. cxd5 exd5 14. f3 Nxe5 15.
dxe5 Nd7 16. f4 c4 17. Bxh7+ Kxh7 18. Qh5+ Kg8 19. Rf3 Rc6 20. Bh4 Be7 21. Bxe7
Qxe7 22. Nxd5 Qd8 23. Qf5 Rg6 24. Rd1 Nc5 25. e4 Nd3 26. Rg3 Rxg3 27. hxg3 Bxd5
28. exd5 Qxd5 29. Qg4 Qd4+ 30. Kh2 Re8 31. Qf3 Re6 32. g4 Qxf4+ 33. Qxf4 Nxf4
34. Rd4 Nd3 35. Rxc4 Nxb2 36. Rc8+ Kh7 37. Ra8 a5 38. Ra7 Kg6 39. Kg3 Rxe5 40.
Kf4 Re6 0-1